[Event "Eastern Asia-ch U16 3rd"]
[Site "Shanghai"]
[Date "2018.08.05"]
[Round "5"]
[White "Daniel Hermawan, Lumban Tobing"]
[Black "Matsuyama, Koya"]
[Result "1-0"]
[WhiteElo "2074"]
[BlackElo "1778"]
[PlyCount "117"]
[EventDate "2018.08.02"]
[EventType "swiss"]
[EventRounds "9"]
[EventCountry "CHN"]
[SourceTitle "EXT 2019"]
[Source "ChessBase"]
[SourceDate "2018.10.10"]
[SourceVersion "1"]
[SourceVersionDate "2018.10.10"]
[SourceQuality "1"]

1. e4 e5 2. Nf3 Nc6 3. Bb5 a6 4. Ba4 Nf6 5. 0-0 Be7 6. Re1 b5 7. Bb3 d6 8. c3 0-0 9. h3 Nb8 10. d4 Nbd7 11. Nbd2 Bb7 12. Bc2 Re8 13. Nf1 Bf8 14. Ng3 g6 15. a4 Bg7 16. Qd3 c6 17. Bb3 Qc7 18. Ng5 d5 19. axb5 axb5 20. Rxa8 Rxa8 21. exd5 cxd5 22. dxe5 Nxe5 23. Qe2 Re8 24. Bf4 Nf3+ 25. Nxf3 Qxf4 26. Qxb5 Rxe1+ 27. Nxe1 Ne4 28. Nd3 Qc7 29. Nxe4 dxe4 30. Qe8+ Bf8 31. Ne5 Qe7 32. Qxf7+ Qxf7 33. Nxf7 Kg7 34. Nd8 Bc8 35. Bd5 Bf5 36. g4 Bd7 37. Bxe4 Kf6 38. f4 Bc5+ 39. Kg2 Ke7 40. Nb7 Bb6 41. b4 Be3 42. c4 Bxf4 43. Nc5 Bc8 44. Kf3 Bd2 45. Nd3 Be6 46. Bd5 Bd7 47. b5 Ba5 48. Ne5 Be8 49. Ke4 Kd6 50. g5 Bc3 51. b6 Bxe5 52. b7 Kc7 53. Kxe5 Bd7 54. h4 Bf5 55. Kf6 Kb8 56. Kg7 Kc7 57. Kxh7 Kb8 58. Kh6 Kc7 59. h5 1-0

[Event "Eastern Asia-ch U16 3rd"]
[Site "Shanghai"]
[Date "2018.08.03"]
[Round "2"]
[White "Ang, Jing Xuan"]
[Black "Daniel Hermawan, Lumban Tobing"]
[Result "0-1"]
[WhiteElo "1627"]
[BlackElo "2074"]
[PlyCount "98"]
[EventDate "2018.08.02"]
[EventType "swiss"]
[EventRounds "9"]
[EventCountry "CHN"]
[SourceTitle "EXT 2019"]
[Source "ChessBase"]
[SourceDate "2018.10.10"]
[SourceVersion "1"]
[SourceVersionDate "2018.10.10"]
[SourceQuality "1"]

1. e4 c5 2. Nf3 d6 3. d4 cxd4 4. Nxd4 Nf6 5. Nc3 g6 6. Be3 Bg7 7. f3 Nc6 8. Bc4 0-0 9. Qd2 Bd7 10. 0-0-0 Rc8 11. Bb3 Ne5 12. Kb1 Re8 13. g4 b5 14. h4 a5 15. a3 b4 16. axb4 axb4 17. Na2 Nc4 18. Bxc4 Rxc4 19. Nxb4 Qa5 20. c3 Ra8 21. Ndc2 Ba4 22. Na3 Bxd1 23. Rxd1 Rcc8 24. Bd4 Qa4 25. Qc2 Nd7 26. Qxa4 Rxa4 27. Nd5 Bf8 28. Kc2 e6 29. Nf6+ Nxf6 30. Bxf6 d5 31. exd5 exd5 32. Be5 h5 33. gxh5 gxh5 34. Rg1+ Kh7 35. f4 f6 36. Kb3 Rxa3+ 37. bxa3 fxe5 38. fxe5 Rb8+ 39. Ka2 Ra8 40. Rg5 Be7 41. Rg3 Rxa3+ 42. Kb2 Ra4 43. Rd3 Kg6 44. Rxd5 Rxh4 45. Kb3 Kf5 46. c4 Ke6 47. Rb5 Rh3+ 48. Kb2 h4 49. Kc2 Rg3 0-1

[Event "Penang op-A 9th"]
[Site "Penang"]
[Date "2017.12.05"]
[Round "3"]
[White "Daniel Hermawan, Lumban Tobing"]
[Black "Chua, Jia Tien"]
[Result "1-0"]
[WhiteElo "1899"]
[BlackElo "1748"]
[PlyCount "43"]
[EventDate "2017.12.04"]
[EventType "swiss"]
[EventRounds "9"]
[EventCountry "MAS"]
[SourceTitle "CBM 182 Extra"]
[Source "ChessBase"]
[SourceDate "2018.02.23"]
[SourceVersion "1"]
[SourceVersionDate "2018.02.23"]
[SourceQuality "1"]

1. e4 c5 2. Nf3 d6 3. d4 cxd4 4. Nxd4 Nf6 5. Nc3 a6 6. Bg5 Nbd7 7. f4 e6 8. Qf3 Qc7 9. 0-0-0 b5 10. a3 Bb7 11. Bxf6 Nxf6 12. g4 Rc8 13. g5 Nd7 14. Bg2 Be7 15. h4 Nc5 16. Rhe1 0-0 17. Qf2 Qa5 18. f5 e5 19. f6 exd4 20. fxe7 Rfe8 21. Qxd4 Rxe7 22. Qxd6 1-0

[Event "Penang op 7th"]
[Site "Penang"]
[Date "2015.12.08"]
[Round "3"]
[White "Marohom, De Leon Jr"]
[Black "Daniel Hermawan, Lumban Tobing"]
[Result "1-0"]
[WhiteElo "2249"]
[BlackElo "1878"]
[PlyCount "100"]
[EventDate "2015.12.07"]
[EventType "swiss"]
[EventRounds "9"]
[EventCountry "MAS"]
[SourceTitle "CBM 169 Extra"]
[Source "ChessBase"]
[SourceDate "2015.12.18"]
[SourceVersion "1"]
[SourceVersionDate "2015.12.18"]
[SourceQuality "1"]

1. d4 Nf6 2. c4 g6 3. Nc3 Bg7 4. e4 d6 5. f4 0-0 6. Nf3 c5 7. d5 e6 8. Be2 exd5 9. cxd5 Re8 10. e5 dxe5 11. fxe5 Ng4 12. e6 fxe6 13. d6 a6 14. Bg5 Qb6 15. Qd2 Nc6 16. Rc1 Bxc3 17. Rxc3 Bd7 18. h3 Nge5 19. Nxe5 Nxe5 20. Bf6 Nf7 21. Be7 Bb5 22. Rf1 Bxe2 23. Qxe2 Rxe7 24. dxe7 Re8 25. Qf2 Rxe7 26. Rxc5 Qb4+ 27. Rc3 Qe4+ 28. Kd2 Qd5+ 29. Kc2 Qf5+ 30. Kc1 Kg7 31. Qe2 Qg5+ 32. Qd2 Qb5 33. Qf2 Rd7 34. g4 Qe5 35. Kb1 b5 36. Rf3 Qe4+ 37. Ka1 Ng5 38. Re3 Qb4 39. Qf6+ Kh6 40. h4 Nf7 41. Qf3 Qe7 42. g5+ Kg7 43. Qf6+ Qxf6 44. gxf6+ Kf8 45. Rxe6 a5 46. Rb6 Rd5 47. a4 bxa4 48. Rc1 Ke8 49. Re1+ Kd8 50. Re7 Nd6 1-0

[Event "World School-ch U13 11th"]
[Site "Pattaya"]
[Date "2015.05.10"]
[Round "5"]
[White "Daniel Hermawan, Lumban Tobing"]
[Black "Budiarto, Dhatuyo"]
[Result "1/2-1/2"]
[WhiteElo "1859"]
[BlackElo "1857"]
[PlyCount "104"]
[EventDate "2015.05.07"]
[EventType "swiss"]
[EventRounds "9"]
[EventCountry "THA"]
[SourceTitle "CBM 166 Extra"]
[Source "ChessBase"]
[SourceDate "2015.06.18"]
[SourceVersion "1"]
[SourceVersionDate "2015.06.18"]
[SourceQuality "1"]

1. e4 c5 2. Nf3 d6 3. d4 cxd4 4. Nxd4 Nf6 5. Nc3 a6 6. Bg5 e6 7. f4 Be7 8. Qf3 Qc7 9. 0-0-0 Nbd7 10. g4 b5 11. Bxf6 Nxf6 12. g5 Nd7 13. f5 Ne5 14. Qg3 Bd7 15. h4 Rc8 16. Bh3 b4 17. Nce2 Qc4 18. Kb1 a5 19. Qb3 Qxb3 20. axb3 exf5 21. exf5 f6 22. Rhg1 g6 23. Nf4 fxg5 24. hxg5 gxf5 25. Bxf5 Bxf5 26. Nxf5 Rc6 27. Rd5 Ra6 28. Ne6 Kf7 29. Nc7 Rc6 30. Nb5 Ke6 31. Ne3 Rc5 32. c4 bxc3 33. bxc3 Rxd5 34. Nc7+ Kd7 35. Ncxd5 Rf8 36. Rg2 Ng6 37. Kc2 Nf4 38. Nxf4 Rxf4 39. g6 hxg6 40. Rxg6 Rf6 41. Rg7 Ke6 42. Kd3 Bd8 43. Ke4 Rf2 44. Rg6+ Bf6 45. Ng4 d5+ 46. Ke3 Rf5 47. Nxf6 Rxf6 48. Rxf6+ Kxf6 49. Kd4 Ke6 50. c4 dxc4 51. Kxc4 a4 52. bxa4 Kd7 1/2-1/2

[Event "World School-ch U13 11th"]
[Site "Pattaya"]
[Date "2015.05.09"]
[Round "4"]
[White "Yu, Kaifeng"]
[Black "Daniel Hermawan, Lumban Tobing"]
[Result "1/2-1/2"]
[WhiteElo "2037"]
[BlackElo "1859"]
[PlyCount "120"]
[EventDate "2015.05.07"]
[EventType "swiss"]
[EventRounds "9"]
[EventCountry "THA"]
[SourceTitle "CBM 166 Extra"]
[Source "ChessBase"]
[SourceDate "2015.06.18"]
[SourceVersion "1"]
[SourceVersionDate "2015.06.18"]
[SourceQuality "1"]

1. d4 Nf6 2. c4 g6 3. Nc3 Bg7 4. e4 d6 5. Nf3 0-0 6. Be2 e5 7. 0-0 Nc6 8. d5 Ne7 9. Ne1 Ne8 10. Be3 f5 11. f3 f4 12. Bf2 g5 13. Nd3 Rf7 14. c5 Bf8 15. Rc1 Rg7 16. a4 Bd7 17. a5 h5 18. Qb3 Qb8 19. cxd6 cxd6 20. Nxe5 dxe5 21. d6+ Kh8 22. dxe7 Bxe7 23. Na4 g4 24. Nc5 Bxc5 25. Bxc5 Nf6 26. Rfd1 Bc6 27. Bd6 Qe8 28. Qc3 Rg5 29. Re1 Rd8 30. Qb4 Qe6 31. Rcd1 Rd7 32. Bf8 gxf3 33. Bxf3 Rf7 34. Bc5 a6 35. Rd6 Qc8 36. Red1 Kh7 37. Kh1 Ng4 38. Qe1 Rfg7 39. h3 Nh6 40. Qh4 Be8 41. Bb6 Qc2 42. R6d2 Qc4 43. Bd8 Rg3 44. Bf6 Rg8 45. Bxe5 Qb5 46. Bxf4 R3g7 47. Bxh6 Kxh6 48. Rd5 Qxb2 49. Rxh5+ Kg6 50. Rh6+ Kf7 51. Bh5+ Kf8 52. Qf6+ Qxf6 53. Rxf6+ Ke7 54. Rf5 Bxh5 55. Rxh5 Rxg2 56. Re5+ Kf6 57. Rf5+ Ke6 58. Rb1 Kd6 59. Rd5+ Kc7 60. Rh5 R8g7 1/2-1/2